Loading...
| Fine Arts - Other | 0 | 4 | 0 | 2 | 40 | 108 | 124.75 | 3 | 4 | 0.00 | 0.00 |
| Literature - British | 0 | 2 | 0 | 0 | 20 | 83 | 98.50 | 1 | 2 | 0.00 | 0.00 |
| History - Other | 0 | 2 | 0 | 1 | 20 | 86 | 99.50 | 1 | 2 | 0.00 | 0.00 |
| Literature - American | 0 | 2 | 0 | 0 | 20 | 44 | 79.00 | 1 | 2 | 0.00 | 0.00 |
| Literature - European | 0 | 3 | 2 | 0 | 20 | 105 | 131.33 | 1 | 3 | 0.00 | 0.00 |
| Literature - World | 0 | 3 | 2 | 0 | 20 | 95 | 119.67 | 2 | 3 | 0.00 | 0.00 |
| History - World | 0 | 1 | 0 | 0 | 10 | 67 | 67.00 | 1 | 1 | 0.00 | 0.00 |
| Mythology | 0 | 1 | 0 | 0 | 10 | 112 | 112.00 | 0 | 1 | 0.00 | 0.00 |
| Other Academic | 0 | 1 | 0 | 1 | 10 | 136 | 136.00 | 0 | 1 | 0.00 | 0.00 |
| Philosophy | 0 | 1 | 0 | 0 | 10 | 109 | 109.00 | 1 | 1 | 0.00 | 0.00 |
| Geography | 0 | 1 | 0 | 0 | 10 | 79 | 79.00 | 1 | 1 | 0.00 | 0.00 |
| History - American | 0 | 1 | 0 | 0 | 10 | 89 | 89.00 | 1 | 1 | 0.00 | 0.00 |
| Fine Arts - Painting and Sculpture | 0 | 2 | 3 | 1 | 5 | 138 | 138.50 | 1 | 2 | 0.00 | 0.00 |
| Religion | 0 | 1 | 1 | 1 | 5 | 118 | 118.00 | 1 | 1 | 0.00 | 0.00 |